[Event "CCC Championship"]
[Site "?"]
[Date "2007.04.11"]
[Round "1"]
[White "Nissenboim, Josh"]
[Black "Al Sarraf, Jacob"]
[Result "0-1"]
[WhiteElo "1436"]
[BlackElo "1767"]
[Annotator "Fritz8/David Causey"]
[PlyCount "98"]
[EventDate "2007.04.12"]
[SourceDate "2007.04.12"]

1. e4 d5 2. exd5 Nf6 3. d4 Nxd5 4. c4 Nf6 5. Nc3 Nc6 $6 {
This blocks the c-pawn and allows White a space advantage.  Better moves are} (
5... g6) (5... Bf5) (5... e6) (5... e5 $5) 6. Nf3 ({Strong is} 6. d5 Ne5 7. Qe2
Ng6 8. Nf3 e6 9. h4 $14) 6... Bg4 7. Be3 e6 8. Be2 Be7 9. O-O O-O 10. Qd2 ({
Fritz8 likes} 10. h3 Bh5 11. g4 Bg6 12. Nh4 $14) 10... Na5 $5 $146 {Black choos
es to move the Kt twice to free up the c-pawn rather than Bd6 to reinforce the
potential pawn break e5.  In view of the Fritz8 analysis given after 10..Bd6,
it might be the "lesser of two evils".} (10... Bd6 11. Rad1 Re8 12. Bg5 a5 13.
Nb5 Rc8 14. a3 $14) 11. Ne4 $6 ({Better is the straightforward} 11. Ne5 Bxe2
12. Qxe2 c5 13. dxc5 Qc7 14. Bg5 Qxc5 15. Bxf6 Bxf6 16. Nd7 Qxc4 17. Qh5 $14)
11... Bxf3 {The telltale sign that 11.Ne4 was "suspect" is that Black has two
satisfactory moves in reply.  Also good is} (11... Nxe4 12. Qxa5 c5 $11) 12.
gxf3 Nc6 13. a3 {Not a necessary precautionary move since White can proceed
directly with his attack down the half-open g-file.  His two bishops are
compensation for his doubled f-pawns along with the half-open file for which
to place his rook.} (13. Kh1 Qd7 (13... Bb4 14. Qd3 a5 15. Rg1 Kh8 16. Rad1 a4
17. Rg3 $14) 14. Rg1 Kh8 15. Rad1 $11) 13... h6 {Normally, a weakening move on
the kingside, but Black plans to defend by strongpointing g5 rather than
trying to defend g7.} (13... Qd7 14. Rad1 Rad8 15. b4 $11 {
White's two bishops and space advantage compensate for the doubled pawns.}) (
13... a5 14. Rad1 a4 15. Kh1 Kh8 16. Rg1 $11) 14. Kh1 Nh7 15. Rg1 Ng5 16. Rg3
$6 (16. Rad1 Re8 17. Qc2 Nh3 18. d5 exd5 19. Rg3 Ng5 20. Rxd5 $18) 16... f5 17.
Nxg5 hxg5 18. Bxg5 Bxg5 19. Rxg5 Qxd4 20. Qe3 Qxe3 21. fxe3 Rad8 22. Rd1 $2 {
The losing move!  White must take advantage of the tactics available with the
half-open g-file andplay} (22. f4 Rd2 23. Bh5 Rfd8 (23... Rxb2 24. Rag1 $18)
24. Rag1 R8d7 25. Be8 Re7 26. Bxc6 bxc6 27. R5g2 Red7 28. h4 Rxg2 29. Kxg2 Rd2+
30. Kf3 Rxb2 31. Rd1 Rh2 32. Rd7 Rh3+ 33. Kf2 e5 34. fxe5 Rxh4 35. c5 Rc4 36.
e6 Re4 37. e7 Kf7 38. e8=Q+ Kxe8 39. Rxc7 Rc4 40. Rxg7 a6 41. Kf3 Rxc5 42. Kf4
Kd8 43. Rg5 Rc3 44. Rxf5 Kc7 45. e4 Rxa3 46. e5 Ra1 47. Rf7+ Kb6 48. e6 Re1 49.
Kf5 c5 50. Kf6 c4 51. e7 c3 52. Rf8 c2 53. Rc8 Rf1+ 54. Kg5 Re1 55. Kf6 Rf1+
56. Kg5 Re1 $11) 22... Rxd1+ 23. Bxd1 Rd8 24. Ba4 Ne5 25. f4 Nxc4 26. Bb3 b5
27. a4 Rd3 28. Bc2 Rd2 29. Bb3 Rxb2 30. Bxc4 bxc4 31. Rg1 Ra2 32. Rc1 Rxa4 33.
h4 Kf7 34. Kg2 Kf6 35. h5 e5 36. fxe5+ Kxe5 37. Kf3 c5 38. Rg1 Kf6 39. Ke2 Ra2+
40. Kf3 c3 41. Rc1 c2 42. Ke2 Kg5 43. Kd3 Kxh5 44. Kc4 g5 45. e4 fxe4 46. Kxc5
Kg4 47. Kd4 Kf3 48. Kc3 e3 49. Kb3 Ra6 0-1

[Event "CCC Championship"]
[Site "?"]
[Date "2007.04.11"]
[Round "1"]
[White "Mayntz, Fred"]
[Black "Morton, Ian"]
[Result "1-0"]
[WhiteElo "1646"]
[BlackElo "978"]
[PlyCount "63"]
[EventDate "2007.04.12"]
[SourceDate "2007.04.12"]

1. e4 Nc6 2. Nf3 e5 3. Nc3 f5 4. Bb5 Nf6 5. d3 ({Better is} 5. exf5 Bc5 (5...
e4 6. Nh4 d5 7. d3 Be7 8. dxe4 dxe4 9. Qxd8+ Bxd8 10. Bg5 O-O 11. O-O-O $16) (
5... Nd4 6. Nxe5 c6 7. Bd3 d5 8. O-O Bd6 9. Nf3 Nxf5 10. Bxf5 Bxf5 11. Re1+ Be7
12. Qe2 $14) 6. O-O O-O 7. Nxe5 Nd4 (7... Nxe5 8. d4 $14) 8. Bd3 d5 9. Nf3 c6
10. h3 Nxf5 11. Bxf5 Bxf5 12. d4 Bd6 13. Ne5 Nd7 14. f4 $44) 5... Bb4 (5...
fxe4 6. dxe4 Bb4 7. Qd3 Qe7 8. O-O a6 9. Ba4 $14) 6. Bg5 h6 7. Bd2 fxe4 8. Bxc6
exf3 9. Bxf3 O-O 10. O-O c6 11. Re1 d6 12. a3 Ba5 13. Ne4 Bc7 {Black has equali
zed and will take over the initiative unless White plays very accurately. 
With} 14. c4 $6 {White challenges Black's expansion in the center with d5, but
leaves himself with a backward d-pawn.} Bf5 $6 ({Better is} 14... Be6) 15. Qb3
Qc8 16. Rad1 Kh8 17. Bc3 Bxe4 $6 {
Why give up the bishop for the knight with no compensation?} 18. dxe4 $14 Bb6
$2 {Simply drops the d-pawn.  Better would be} (18... a5 19. Rd3 a4 20. Qc2 Qe6
21. Bb4 b6 22. Red1 Rfd8 $14) 19. Rd2 {
White hesitates taking it, but increases the pressure on the d-file.} Qe6 20.
Red1 Rad8 21. Bb4 c5 $2 {
Misses the chance to post his bad bishop outside his pawn chain with} (21...
Bd4 22. Bc3 Bb6 $11) 22. Bc3 Rd7 23. Qa2 Bc7 24. b4 Rfd8 ({
White still has the advantage after} 24... cxb4 25. axb4 Bb6 26. Ba1 Rc8 27.
Be2 Qf7 28. Qc2 $14) 25. h3 b5 $2 26. cxb5 Qxa2 27. Rxa2 d5 28. bxc5 dxe4 29.
Rxd7 Rxd7 30. Be2 Rd5 31. Bb4 Rd4 32. Bc3 1-0

[Event "CCC Championship"]
[Site "?"]
[Date "2007.04.11"]
[Round "1"]
[White "Eslinger, Dave"]
[Black "Skelcher, Mark"]
[Result "1-0"]
[WhiteElo "763"]
[BlackElo "1640"]
[PlyCount "99"]
[SourceDate "2007.04.12"]

1. d4 Nf6 2. Nf3 g6 3. e3 Bg7 4. b3 d5 5. Bd3 Bg4 6. O-O O-O 7. Bb2 Nbd7 8. h3
Be6 9. Ne5 Ne4 10. Nd2 Nxd2 11. Qxd2 f6 12. Nf3 Bf7 13. Rae1 f5 14. Ng5 e6 15.
f4 Nf6 16. c4 c6 17. Re2 Qc7 18. g3 h6 19. Nf3 Nh7 20. g4 Qe7 21. gxf5 exf5 22.
Rg2 Rfe8 23. Ne5 Qe6 24. Rg3 Nf8 25. Kh1 Kh7 26. Rfg1 Bxe5 27. dxe5 dxc4 28.
Bxc4 Qe7 29. Qg2 Bxc4 30. bxc4 Qf7 31. Ba3 Qxc4 32. Bxf8 (32. Rxg6 Qe4 33. Rg7+
Kh8 34. Qxe4 Ne6 35. Qxf5 Nxg7 36. Qf6 Re7 37. Bxe7 Rg8 38. Qxh6#) 32... Rxf8
33. Rxg6 Qe4 34. Qxe4 fxe4 35. h4 Rg8 36. h5 Rad8 37. e6 Rde8 38. f5 Rxg6 39.
hxg6+ Kg7 40. Rg4 Kf6 41. Rf4 c5 42. Kg2 c4 43. Kf2 h5 44. Ke2 b5 45. Kd2 h4
46. Rxh4 Kxf5 47. g7 Rg8 48. e7 Kf6 49. Rh8 Kxg7 50. Rxg8+ 1-0

[Event "CCC Championship"]
[Site "?"]
[Date "2007.04.18"]
[Round "1"]
[White "Causey, David"]
[Black "Miller, Paul"]
[Result "1-0"]
[WhiteElo "1986"]
[BlackElo "1076"]
[Annotator "Fritz8/David Causey"]
[PlyCount "65"]
[SourceDate "2007.04.12"]

1. e4 e5 2. Nf3 Nc6 3. Bb5 d6 4. d4 Bd7 5. Nc3 a6 6. Bxc6 Bxc6 7. O-O Nf6 8.
Re1 g6 9. Bg5 Bg7 10. dxe5 dxe5 11. Nxe5 Qc8 12. Nxc6 bxc6 13. Qf3 (13. e5 Nd5
14. Ne4 O-O 15. c4 Nb6 16. Bf6 h6 17. b3 Qf5 18. Qd4 c5 19. Qc3 Bxf6 20. Nxf6+
Kg7 21. Ne4 $18) 13... Qb7 $2 (13... Ng4 14. Bf4 O-O 15. Na4 Qe6 16. c3 Ne5 17.
Qe3 $18) 14. Bxf6 Bxf6 15. Qxf6 O-O 16. b3 Rae8 17. Rad1 Re6 18. Qg5 Rfe8 19.
Rd8 Qb4 20. Rxe8+ Rxe8 21. Qd2 Qe7 22. Rd1 f6 23. Qd4 f5 24. Qc4+ Kf8 25. exf5
Qe1+ 26. Rxe1 Rxe1+ 27. Qf1 Rxf1+ 28. Kxf1 gxf5 29. Ke2 Ke7 30. Ke3 Ke6 31. Kf4
h6 32. Nd1 Kf6 33. Ne3 1-0

[Event "Extra games"]
[Site "?"]
[Date "2007.04.25"]
[Round "?"]
[White "Nissenboim, Josh"]
[Black "Mayntz, Fred"]
[Result "1-0"]
[WhiteElo "1436"]
[BlackElo "1646"]
[PlyCount "37"]
[SourceDate "2007.04.12"]

1. e4 c6 2. d4 d5 3. Nc3 dxe4 4. Nxe4 Bf5 5. Ng3 Bg6 6. h4 h6 7. h5 Bh7 8. Nf3
Nd7 9. Bd3 Ngf6 10. Bxh7 Nxh7 11. O-O e6 12. Bf4 Nhf6 13. c4 c5 14. d5 exd5 15.
Re1+ Be7 16. cxd5 Nxd5 17. Qxd5 O-O 18. Rad1 Nf6 19. Qxb7 1-0

[Event "Extra games"]
[Site "?"]
[Date "2007.04.18"]
[Round "?"]
[White "Mayntz, Fred"]
[Black "Nissenboim, Josh"]
[Result "0-1"]
[WhiteElo "1646"]
[BlackElo "1436"]
[PlyCount "56"]
[SourceDate "2007.04.12"]

1. e4 e6 2. d4 d5 3. exd5 exd5 4. Nf3 Bg4 5. Nc3 Bb4 6. Be2 Ne7 7. O-O Nbc6 8.
Bg5 f6 9. Bf4 g5 10. Be3 Qd7 11. h3 Bf5 12. Re1 O-O-O 13. Nh2 Kb8 14. Bg4 h5
15. Bxh5 Bxh3 16. Bf3 Be6 17. Bg4 Bd6 18. Bxe6 Bxh2+ 19. Kf1 Qxe6 20. Bxg5 Qf7
21. Be3 Nf5 22. Qf3 Nxe3+ 23. fxe3 Ne7 24. Ke2 Qh5 25. Kd3 Qg6+ 26. e4 dxe4+
27. Rxe4 Nc6 28. d5 Ne5+ 0-1

[Event "CCC Championship 2007"]
[Site "?"]
[Date "2007.04.25"]
[Round "2"]
[White "Mayntz, Fred"]
[Black "Causey, David"]
[Result "0-1"]
[WhiteElo "1646"]
[BlackElo "1986"]
[Annotator "Fritz8/David Causey"]
[PlyCount "88"]
[SourceDate "2007.04.12"]

1. d4 Nf6 2. c4 g6 3. Nc3 Bg7 4. Nf3 O-O 5. Bg5 h6 (5... d6 6. Qd2 Nbd7 7. e4
e5 8. dxe5 dxe5 9. O-O-O Qe8) (5... c5 6. dxc5 (6. e3 cxd4 7. exd4 d5 8. Bxf6
Bxf6 9. Nxd5 Bg7 10. Nc3 Bg4) 6... Na6 (6... Qa5 7. Qd2 Qxc5 8. Bxf6 Bxf6 9.
Nd5 Bg7 10. b4 Qd6 11. c5 $18 {Fritz8!}) 7. Qd4 Qa5 8. Rc1 Nxc5 9. b4 Qxb4 10.
Rb1 e5 11. Nxe5 Qa5 12. Rb5 Qa3 13. Rxc5 d6 14. Rb5 dxe5 15. Qd2 Be6 16. e4 b6
17. f3 h6 18. Be3 Rfc8 19. Nd5 Qf8 20. Rb1 Ne8 21. Bd3 Nd6 22. Qb4 Kh8 23. O-O
Nb7 24. a3 Nc5 25. Be2 Bd7 26. Rfd1 $11 {
That was a Fritz8 analysis.  What a ride!}) 6. Bh4 d6 7. e3 c6 (7... Nbd7 8.
Be2 c5 9. Qc2) (7... c5 8. Be2 g5 9. Bg3 Nh5 10. dxc5 Nxg3 11. hxg3 dxc5 12.
Qc2 e6 13. Nd2 Qe7 14. O-O-O Nc6 15. Nde4 f5 16. Nd6 g4 $11 {Fritz8}) 8. Bd3 (
8. Be2 Nbd7 9. Qc2 e5 10. Rd1 Qc7 11. O-O Re8 12. dxe5 dxe5 13. Nd2 Nh7 14.
Nde4 Bf8 $11) 8... a5 $146 {Maybe a novelty, but probably not a good one.} (
8... Nbd7 9. O-O e5 10. Qc2 Qc7 11. Rad1 exd4 12. exd4 Nh5 13. Rfe1 Ndf6 $11)
9. O-O Na6 10. a3 Bd7 (10... g5 11. Bg3 Nh5 12. Qc2 (12. Nd2 Nxg3 13. hxg3 e5
14. Qh5 Nc7 15. d5 f5) 12... Nxg3 13. fxg3 $14) 11. Qc2 Nc7 12. Rad1 (12. c5
dxc5 13. dxc5 $14) 12... b5 13. Rd2 (13. c5 dxc5 14. dxc5 $14) 13... bxc4 14.
Bxc4 Be6 $2 (14... Ncd5 15. e4 Nb6 16. Bb3 Nh5 $11) 15. b3 $2 (15. Bxe6 Nxe6
16. Bxf6 Bxf6 17. Ne4 $18) 15... Rb8 16. Rb1 (16. Bxf6 Bxf6 17. Ne5 Bxc4 18.
bxc4 Qe8 19. Nd3 $14) 16... Qd7 $2 {
Black is oblivious to the tactics available to White.} (16... Nfd5 $11) 17. e4
$2 (17. Bxf6 Bxf6 18. Ne5 $14) 17... g5 18. Bg3 Nh5 19. e5 Bf5 20. Bd3 Nxg3 21.
hxg3 Bxd3 22. Rxd3 Qf5 23. exd6 exd6 24. Ne4 $4 (24. Nd1 Nb5 25. Ne3 Qe4 26.
Re1 Nxa3 27. Qd2 Nb5 28. g4 Rfe8 29. Nf5 Qxg4 30. Ne7+ Kh8 31. Nxc6 Rxe1+ 32.
Nxe1 $11) 24... Qxe4 25. Re1 Qg6 26. Nd2 d5 ({Better is} 26... Rfe8 27. Nf3
Bxd4 28. Rc1 Bc5 $19) 27. Nf3 Ne6 ({Also good is} 27... Rfe8 28. Qd2 Nb5 $19)
28. Ne5 Bxe5 29. Rxe5 Nxd4 30. Qd1 Ne6 31. Rc3 Qf6 32. Rce3 d4 33. R3e4 c5 34.
f4 Rfc8 35. Qg4 d3 36. fxg5 hxg5 37. Rf5 Qa1+ 38. Kh2 Rc6 39. Rxe6 Rxe6 40.
Rxg5+ Rg6 41. Rxg6+ fxg6 42. Qxg6+ ({
Black would have a more difficult time winning with} 42. Qe6+ Kg7 43. Qd7+ Kf6
44. Qd6+ Kf5 45. Qf4+ Ke6 46. Qxb8 Qd4 47. Qe8+ Kf5 48. Qf8+ Kg5 49. Qe7+ Kh6
50. g4 d2 51. Qh4+ Kg7 52. Qe7+ Kg8 53. Qe8+ Kh7 54. Qe7+ Qg7 55. Qd8 Qh6+ 56.
Kg3 Qe3+ 57. Kh2 a4 58. b4 c4 59. g5 Qe5+ 60. Kh3 c3 61. Qd7+ Kg8 62. Qc8+ Kf7
63. Qd7+ Qe7 64. Qd4 Ke8 65. g4 Qh7+ 66. Kg2 Qc7 $19) 42... Qg7 43. Qxd3 Qh8+
44. Kg1 Qd4+ 0-1

[Event "CCC Championship 2007"]
[Site "?"]
[Date "2007.04.25"]
[Round "2"]
[White "Al Sarraf, Jacob"]
[Black "Rivers, Clark"]
[Result "1-0"]
[WhiteElo "1767"]
[BlackElo "1502"]
[Annotator "Fritz8/David Causey"]
[PlyCount "65"]
[SourceDate "2007.04.12"]

1. e4 d6 2. f4 Nf6 3. Bc4 Nxe4 (3... e6 4. Qe2 Nxe4 5. Qxe4 d5 6. Bxd5 Qxd5 $15
) 4. Bxf7+ Kxf7 5. Qh5+ Kg8 ({A better test of White's opening is} 5... Kf6 6.
Qh4+ Kg6 7. f5+ Kxf5 8. Qh5+ Ke6 9. Qg4+ Kf7 10. Qxe4 d5 11. Qe3 e6 12. Nf3 Bd6
13. Ng5+ Ke8 14. d4 Rf8 $15) 6. Qd5+ e6 7. Qxe4 d5 ({
A good try for an advantage is} 7... Qh4+ 8. g3 Qg4 9. d3 c5 10. Nc3 Nc6 $15)
8. Qe2 Nc6 9. Nf3 Bd6 10. g3 ({Better is} 10. d4 $14) 10... Qf6 11. c3 e5 12.
fxe5 Nxe5 13. Nxe5 Qxe5 14. Qxe5 Bxe5 15. d4 Bf6 16. Bf4 c6 17. Nd2 (17. O-O
$11) 17... b6 $6 (17... Bh3 18. O-O-O Kf7 $14) 18. O-O-O Kf7 19. Rde1 Bf5 20.
Rhf1 Kg6 21. Nf3 c5 22. Be5 Rae8 23. Nh4+ Bxh4 24. gxh4 Rhg8 $2 (24... Be4 25.
Rg1+ Kh5 26. Rg5+ Kxh4 27. Reg1 Rhf8 28. Rxg7 Bg6 29. Rxa7 cxd4 30. Bxd4 Re2
31. Ra4 Kh3 $11) 25. h5+ Kg5 26. h4+ Kg4 27. Rf4+ Kxh5 28. Rxf5+ Kh6 29. Bf4+
Kg6 30. Rg5+ Kf7 31. Rxe8 Rxe8 32. Rxd5 cxd4 33. cxd4 1-0

[Event "CCC Championship 2007"]
[Site "?"]
[Date "2007.05.02"]
[Round "2"]
[White "Eslinger, Dave"]
[Black "Nissenboim, Josh"]
[Result "0-1"]
[WhiteElo "763"]
[BlackElo "1436"]
[Annotator "Fritz8/David Causey"]
[PlyCount "74"]
[SourceDate "2007.04.12"]

1. d4 d5 2. Nf3 Nf6 3. e3 e6 4. Bd3 c5 5. b3 Nc6 6. a3 Bd6 7. O-O Qc7 8. Bb2 e5
9. dxe5 Nxe5 10. Nxe5 Bxe5 11. c3 $2 (11. Bb5+ Bd7 12. Bxd7+ Nxd7 13. Bxe5 (13.
Nc3 Qc6) 13... Qxe5 14. Nd2 O-O $11) 11... Bxh2+ 12. Kh1 Be5 13. f4 Bd6 14. Nd2
Bg4 15. Qe1 O-O-O 16. b4 Rhe8 17. Qf2 c4 18. Be2 Bf5 19. Rad1 Ng4 20. Qf3 $2 ({
A little better is} 20. Bxg4 Bxg4 21. Nf3 $19) 20... Nxe3 21. Rde1 Nxf1 22.
Nxf1 Be4 23. Qg4+ f5 24. Qh4 Bxf4 25. Kg1 Qb6+ 26. Qf2 Qxf2+ 27. Kxf2 g5 28.
Bc1 Bxc1 29. Rxc1 Bxg2 30. Ng3 Be4 31. Re1 h5 32. Bxh5 f4 33. Bxe8 fxg3+ 34.
Kxg3 Rxe8 35. Kg4 Bf5+ 36. Kxg5 Rxe1 37. Kxf5 Re3 0-1

[Event "CCC Championship 2007"]
[Site "?"]
[Date "2007.05.07"]
[Round "2"]
[White "Skelcher, Mark"]
[Black "Morton, Ian"]
[Result "1-0"]
[WhiteElo "1640"]
[BlackElo "978"]
[Annotator "Fritz8/David Causey"]
[PlyCount "78"]
[EventDate "2007.04.12"]
[SourceDate "2007.04.12"]

1. d4 d5 2. Nc3 Nf6 3. Bf4 Bd7 $6 {Not a blunder, but a move that does not
contribute to the opening process. Either the bishop should be developed to f5
(outside the pawn chain after the eventual e6) or moves like c6 or g6 should
be played, deferring the queen's bishop's development to a more opportune time.
} 4. Nf3 e6 5. a3 c5 6. e3 Nh5 7. Bg5 Nf6 8. Be2 cxd4 9. Nxd4 Be7 10. Bf4 a6
11. O-O O-O 12. Bd3 Nc6 13. Nf3 Nh5 14. Ne2 Nxf4 15. Nxf4 Bd6 16. c3 Ne5 $2 (
16... Qf6 $15) 17. Nxe5 Bxe5 18. Qh5 $2 (18. Bxh7+ $1 Kxh7 19. Qh5+ Kg8 20.
Qxe5 $16) 18... f5 19. Qf3 Qc7 (19... g5 20. Nh5 (20. Nxd5 g4 $19) 20... g4 21.
Qe2 Bxh2+ 22. Kxh2 Qh4+ 23. Kg1 Qxh5 $17) 20. Rfe1 Rae8 21. g3 Bc6 22. Qd1 Bd6
23. Bf1 e5 $2 (23... g5 24. Ne2 f4 $15 {
Opening up the position for Black's bishops.}) 24. Nxd5 Qf7 25. Bg2 Rd8 26. Qb3
Kh8 (26... Bxa3 27. Nf6+ gxf6 28. Rxa3 Be4 $15) 27. Rad1 Bb8 ({Also} 27... e4
28. c4 $11) 28. c4 Ba7 ({
The strongly posted knight needs to be undermined with moves like} 28... b5)
29. Nb4 Bxg2 30. Kxg2 {White, with his strong knight and center control, can
easily fend off Black's wing attack.} Rde8 31. Nd5 g5 32. Qc3 Qg7 33. c5 f4 34.
e4 f3+ 35. Kh1 Qh6 36. Rg1 g4 37. Ne3 Rg8 38. Nf5 Qc6 39. Rd5 Bb8 $18 1-0

[Event "CCC Championship 2007"]
[Site "?"]
[Date "2007.05.09"]
[Round "3"]
[White "Nissenboim, Josh"]
[Black "Mayntz, Fred"]
[Result "1-0"]
[WhiteElo "1436"]
[BlackElo "1646"]
[Annotator "Fritz8/David Causey"]
[PlyCount "105"]
[SourceDate "2007.04.12"]

1. e4 c6 2. d4 d5 3. Nc3 dxe4 4. Nxe4 Bf5 5. Ng3 Bg6 6. h4 h6 7. Nf3 Nd7 8. h5
Bh7 9. Bf4 e6 10. Bd3 Bxd3 11. Qxd3 Qa5+ 12. c3 $6 ({Now White has difficulty
castling either side since his "a" and "h" pawns are vunerable.  Better is the
book move} 12. Bd2 Qc7 13. O-O-O Ngf6 14. Ne4 ({Also good is} 14. Qe2)) 12...
Ngf6 13. Nd2 Nd5 14. Be3 Nxe3 ({
Since the bishop is not going anywhere, Black can defer this exchange and play
} 14... N7f6 15. Nge4 Nxe4 16. Qxe4 Rd8) 15. Qxe3 Nf6 16. Nde4 Nxe4 17. Nxe4
Be7 18. Nc5 $2 {This falls into Black's strategy of exchanging into a major
piece ending with a better pawn structure.} Bxc5 19. dxc5 O-O (19... O-O-O {
looks good, also.}) 20. O-O Rad8 21. a3 Rd5 22. b4 Qc7 23. Qf3 Rfd8 24. Rfd1
Qd7 (24... Qe5 $15) 25. Rdc1 Rd3 26. Qf4 Qd5 27. Qc7 Rd7 28. Qb8+ Kh7 29. Qxa7
Qxh5 $17 {With White's rooks and queen far away from his king, Black can
create real threats on the kingside.} 30. Qa4 R7d5 ({Best is} 30... Rd2 31. Rf1
R7d5 (31... R7d3 32. b5 Qxc5 33. bxc6 bxc6 34. Qf4 Kg8 35. Qb8+ Rd8 36. Qb4)
32. b5 cxb5 33. Qe4+ (33. Qxb5 Rg5 $1 $19) 33... Qg6 $19) 31. Qc2 g6 32. Re1
Rd2 (32... Qh4 $1 $19) 33. Qe4 Rd1 34. Raxd1 Rxd1 35. Rxd1 Qxd1+ 36. Kh2 Qd2 (
36... Qh5+ $11) 37. Qf3 f5 38. Qg3 f4 39. Qg4 e5 $2 {
Black needs to find a draw, fast!} (39... Qxf2 $11) 40. Qe6 (40. Qc8 $1 Qxf2
41. Qxb7+ Kg8 42. Qb8+ Kh7 43. Qxe5 $18) 40... Qxc3 (40... Qxf2 41. Qd7+ Kh8
42. Qc8+ Kg7 43. Qxb7+ Kg8 44. Qb8+ Kf7 45. Qxe5 $18) 41. Qf7+ Kh8 42. Qf6+ Kh7
43. Qf7+ Kh8 44. Qxg6 Qxa3 45. Qxh6+ Kg8 46. Qe6+ Kf8 47. Qc8+ Ke7 48. Qxb7+
Kd8 49. Qb8+ Kd7 50. Qd6+ Kc8 51. Qxc6+ Kb8 52. Qb6+ Ka8 53. c6 1-0

[Event "CCC Championship 2007"]
[Site "?"]
[Date "2007.05.09"]
[Round "3"]
[White "Rivers, Clark"]
[Black "Eslinger, Dave"]
[Result "1-0"]
[WhiteElo "1502"]
[BlackElo "763"]
[Annotator "Fritz8/David Causey"]
[PlyCount "59"]
[SourceDate "2007.04.12"]

1. e4 c5 2. Nf3 g6 3. d4 Bg7 4. Nc3 cxd4 5. Nxd4 Nf6 6. Be3 Nc6 7. Qd2 d5 $6 ({
Correct is} 7... O-O) 8. Bb5 O-O 9. Nxc6 bxc6 10. Bxc6 Rb8 11. O-O-O Bb7 12.
exd5 Bxc6 13. dxc6 Ne4 14. Qxd8 Rfxd8 15. Rxd8+ Rxd8 16. Nxe4 Rc8 17. Rd1 a5
18. Rd7 Kf8 19. Bc5 Bh6+ 20. Kd1 Re8 21. Rxe7 Rxe7 22. c7 f5 23. c8=Q+ Kf7 24.
Bxe7 Kxe7 25. Nc5 Kd6 26. b4 axb4 27. Ke2 Kd5 28. Kd3 Kd6 29. Qd7+ Kxc5 30.
Qxh7 1-0

[Event "CCC Championship 2007"]
[Site "?"]
[Date "2007.05.16"]
[Round "3"]
[White "Causey, David"]
[Black "Al Sarraf, Jacob"]
[Result "1-0"]
[WhiteElo "1986"]
[BlackElo "1767"]
[Annotator "David Causey/Fritz8"]
[PlyCount "71"]
[SourceDate "2007.04.12"]

{"How do you plan to play against such a talented player as Jacob?", a
fictitious spectator might ask.  "Oh, that's easy.  I'll just sacrifice a pawn
in the opening, give up my castling rights and win."  This is definitely a
game that defies normal play.} 1. d4 e6 2. Nf3 c5 3. c4 Qc7 4. g3 $2 ({
The best move to take advantage of Black's early placement of his Queen on c7
would be transposing to the Benoni Defensewith} 4. d5 Nf6 5. Nc3) 4... cxd4 5.
Nxd4 Qxc4 6. Bg2 $2 Bb4+ $1 7. Kf1 Nc6 ({Also good would be} 7... d5 8. a3 Ba5
9. b4 Bd8 10. Bb2 Bf6 11. Nd2) 8. Nc2 Be7 9. b3 {I believe Black's demise in
this game begins here.  He is faced with the dilemma of where to put the Queen
when it is attacked, either on a passive  square where it cannot be harassed
or on an active square where future tempo-gaining attacks by White are
numerous.  The ultimate problem for Black is that he loses valuable time on
the clock(G60) trying to determine which is best.} Qb5 $6 ({Better would be} 
9... Qa6 10. Bb2 Nf6 11. Nd4 O-O $17 {as White still has the problem of being
a pawn down and uncastled.  With the move in the game, White is able to gain a
few valuable tempi on Black's queen to compensate for his material deficit and
uncastled king.}) 10. Bb2 Nf6 11. Nc3 Qf5 $6 ({Again, better would be} 11...
Qa5 {to avoid the immediate harassment by White's minor pieces.}) 12. Ne3 Qg5
13. h4 Qc5 14. Rc1 $44 {At this point, White has achieved compensation for his
pawn-minus and loss of castling.} O-O 15. Ncd5 $1 {
The initiative now turns in White's favor!} Qa5 $6 ({
One possibility for Black to stay in the game lies with} 15... Nxd5 $5 16. Rxc5
Nxe3+ 17. fxe3 Bxc5 $44) 16. Nc4 Qd8 17. Nxe7+ Qxe7 ({
Black could hold out better with} 17... Nxe7 18. Bxf6 gxf6 19. Nd6 Qa5 {
but White can slowly strangle him with} 20. Qc2 ({
More direct but not as good is} 20. Qd4 Nf5 21. Qg4+ Kh8 22. Nxf5 exf5 23. Qd4
Qe5 24. e3 d6 25. h5 Rd8 26. Rh4 Be6 27. Kg1 d5 28. Bf3 b6 29. Qd1 Rac8 30.
Rxc8 Rxc8 31. Rd4 Kg7 32. Kg2 Rd8 33. b4 f4 34. Rxf4 Rc8 35. Be2 Qb2 36. Bd3 h6
37. Qf3 Rc1 38. Bf5 Bxf5 39. Rxf5 Ra1 40. Qg4+ Kh7 41. Rxd5 Qb1 42. Qf5+ Qxf5
43. Rxf5 Kg7 44. Rd5 Rxa2 45. b5 Kf8 46. Kf3 Ke7 47. e4 Ke6 48. g4 a5 49. bxa6
Rxa6 50. Rd8 Ke5 51. Re8+ Kd4 52. Rh8 Ke5 53. Rxh6 Ra3+ 54. Kg2 f5 55. exf5 Kf4
56. Rf6 Kxg4 57. h6 Ra8 58. Rxf7 Rh8 59. h7 b5 60. Rb7 Kg5 61. Kf3 Kh6 62. Rxb5
Kxh7 63. Rb7+ Kh6 64. Kf4 Ra8 65. Rb6+ Kg7 66. Kg5 Ra7 67. f6+ Kf7 68. Rb5 Rd7
69. f4 Rd1 70. Kf5 Rf1 71. Rb7+ Kf8 $11 {with a drawn rook ending.(Fritz8)})
20... Qe5 21. Qd2 Nf5 22. Nc4 Qd4 23. Qxd4 Nxd4 24. e3 d5 25. exd4 dxc4 26.
Rxc4 Bd7 27. Bxb7 Rab8 28. Bc6 Bxc6 29. Rxc6 Rfc8 30. Ra6 Rb7 31. Ke2 Rc2+ 32.
Ke3 Rc3+ 33. Kd2 Rbc7 34. Rd1 Kf8 35. Ke2 Rd7 36. Ra5 Rc2+ 37. Ke3 Rc3+ 38. Rd3
Rc6 39. b4 Rcd6 40. g4 e5 41. d5 f5 42. gxf5 Rh6 43. Rc3 Kg7 44. Rc4 Rhd6 45.
Ke4 Rh6 46. Rac5 Rd8 47. Rc8 Rxh4+ 48. Kxe5 Rxc4 49. f6+ Kg6 50. Rxd8 Rxb4 51.
Rg8+ Kh5 52. d6 Rb7 53. a4 a5 54. Rg7 h6 55. Kf5 $18 {(Fritz8)}) 18. Ba3 $1 {
Wins the exchange, leaving White with a technical win.} Qd8 19. Bxf8 Kxf8 20.
Nd6 a5 21. Bf3 Ne5 22. Bxb7 Bxb7 23. Nxb7 Qb6 24. Qd6+ Qxd6 25. Nxd6 Ke7 26.
Nc4 Neg4 27. f3 Nh6 28. Kf2 Nd5 29. Rhd1 a4 30. e4 Nb4 31. Nb6 Rd8 32. bxa4
Nxa2 33. Rc7 Nb4 34. Rdxd7+ Rxd7 35. Rxd7+ Kf6 36. a5 1-0